|
|
|
|
| LEADER |
00000ny a22000003n 4500 |
| 005 |
20110617105445.0 |
| 008 |
031107s2007 ck 000 0 spa d |
| 020 |
|
|
|a 9789586484381
|
| 035 |
|
|
|a 3382
|
| 040 |
|
|
|a BUS
|d vLex
|
| 090 |
|
|
|c 802
|d 802
|
| 100 |
1 |
|
|a Montilla Galvis, Omar de Jess︢
|
| 245 |
1 |
0 |
|a Contadura̕ Internacional
|h [Recurso electrn̤ico]
|c Omar de Jess︢ Montilla Galvis, Eutimio Meja̕ Soto, Carlos Alberto Montes Salazar
|
| 256 |
|
|
|a Servicio en ln̕ea
|
| 260 |
|
|
|a Bogot ̀:
|b Ecoe,
|c 2007
|
| 300 |
|
|
|a p. ;
|c cm
|
| 506 |
1 |
|
|a Contenido solo disponible en los productos indicados
|d vLex Global
|d vLex Global (Academic Edition, excluding Law Schools)
|d vLex Global (U.S. Academic Edition, Law Schools)
|d vLex Global (U.S. Academic Edition, excluding Law Schools)
|d vLex Global (Academic Edition, Law Schools)
|
| 650 |
0 |
4 |
|a Contabilidad
|
| 700 |
1 |
|
|a Meja̕ Soto, Eutimio
|
| 700 |
1 |
|
|a Montes Salazar, Carlos Alberto
|
| 740 |
0 |
|
|a vLex Libros (Servicios en ln̕ea)
|
| 856 |
4 |
0 |
|u http://vlex.com/source/3382
|z Acceso restringido
|
| 942 |
|
|
|c BOOK
|
| 999 |
0 |
|
|a Accounting
|b Bogot̀
|